Loading...
| Fine Arts - Other | 1 | 20.00 | 400% | 0% | 200% |
| History - American | 1 | 10.00 | 0% | 200% | 0% |
| History - World | 1 | 10.00 | 400% | 0% | 0% |
| Literature - American | 1 | 20.00 | 400% | 200% | 0% |
| Literature - British | 1 | 20.00 | 400% | 0% | 200% |
| Literature - European | 1 | 20.00 | 400% | 200% | 0% |
| Science - Physics | 1 | 10.00 | 0% | 200% | 0% |
| Social Science | 1 | 10.00 | 0% | 0% | 200% |
| Current Events | 1 | 20.00 | 0% | 200% | 200% |
| Fine Arts - Auditory | 4 | 15.00 | 200% | 150% | 50% |
| Fine Arts - Other | 2 | 10.00 | 200% | 0% | 100% |
| Fine Arts - Visual | 6 | 16.67 | 200% | 133% | 100% |
| Geography | 2 | 10.00 | 0% | 0% | 200% |
| History - American | 3 | 10.00 | 133% | 67% | 67% |
| History - European | 4 | 17.50 | 300% | 150% | 50% |
| History - Other | 5 | 12.00 | 80% | 80% | 120% |
| History - World | 4 | 15.00 | 100% | 100% | 150% |
| Literature - American | 3 | 20.00 | 267% | 133% | 133% |
| Literature - British | 6 | 16.67 | 333% | 100% | 67% |
| Literature - European | 3 | 20.00 | 267% | 200% | 67% |
| Literature - World | 5 | 16.00 | 320% | 40% | 120% |
| Mythology | 5 | 20.00 | 320% | 160% | 80% |
| Other Academic | 1 | 20.00 | 400% | 0% | 200% |
| Philosophy | 5 | 22.00 | 320% | 80% | 200% |
| Pop Culture | 1 | 20.00 | 0% | 200% | 200% |
| Religion | 5 | 16.00 | 400% | 0% | 120% |
| Science - Biology | 2 | 25.00 | 400% | 200% | 100% |
| Science - Chemistry | 3 | 16.67 | 267% | 0% | 200% |
| Science - Other | 3 | 10.00 | 133% | 0% | 133% |
| Science - Physics | 4 | 15.00 | 100% | 150% | 100% |
| Social Science | 4 | 15.00 | 200% | 100% | 100% |